Florence Nightingale / (Record no. 6637)

MARC details
000 -LEADER
fixed length control field 00439pam a2200181 a 4500
020 ## - INTERNATIONAL STANDARD BOOK NUMBER
Terms of availability
040 ## - CATALOGING SOURCE
Original cataloging agency Medical College Libr
041 ## - LANGUAGE CODE
Language code of text/sound track or separate title ENG
Language code of original ENG
100 ## - MAIN ENTRY--PERSONAL NAME
Personal name Smith , W. .
245 ## - TITLE STATEMENT
Title Florence Nightingale /
Statement of responsibility, etc.
Medium Textual Documents
260 ## - PUBLICATION, DISTRIBUTION, ETC.
Place of publication, distribution, etc. London :
Name of publisher, distributor, etc. Constabe ,
Date of publication, distribution, etc. 1982.
300 ## - PHYSICAL DESCRIPTION
Extent 590 ;
Dimensions
365 ## - TRADE PRICE
Price type code 30.00
653 ## - INDEX TERM--UNCONTROLLED
Uncontrolled term Genarl Book
930 ## - EQUIVALENCE OR CROSS-REFERENCE-UNIFORM TITLE HEADING [LOCAL, CANADA]
Uniform title 6638
Holdings
Withdrawn status Lost status Damaged status Not for loan Home library Current library Date acquired Cost, normal purchase price Total Checkouts Full call number Barcode Date last seen Copy number Price effective from Koha item type
        Medical College, Pune Medical College, Pune 01/01/1900 30.00   MCP-7019 06/02/2023 1 06/02/2023 Book